000 00233nam a2200097Ia 4500
005 20251222114358.0
008 251222s1900||||xx |||||||||||||| ||spa||
082 _aDVD0120/P77/2006
245 0 _aLa clemenza di tito: Mozart:
942 _cDVD
999 _c1512
_d1512